000 00668nam a2200229Ia 4500
005 20250508165431.0
008 008 250505s9999 xx 000 0 eng d
020 _a978-0-415-49067-2
037 _aReference
040 _aFEDL
_beng
_cFEDL
041 _aeng
_2eng
084 _a418, SIM/RR
_qFEDL
100 _aSimpson James Ed.
_928412
245 0 _aRoutledge handbook of applied linguistics
260 _aLondon, UK
_bRoutledge
_c2011
300 _axix, 725p.
365 _aGBP
_b50.99
490 _aRoutledge Handbooks in Applied Linguistics
546 _aSpecial edition, 2015
942 _cREF
_h418, SIM/RR
999 _c1395077
_d1395077